<?xml version="1.0" encoding="UTF-8"?><?xml-stylesheet type="text/xsl" href="static/style.xsl"?><OAI-PMH xmlns="http://www.openarchives.org/OAI/2.0/" xmlns:xsi="http://www.w3.org/2001/XMLSchema-instance" xsi:schemaLocation="http://www.openarchives.org/OAI/2.0/ http://www.openarchives.org/OAI/2.0/OAI-PMH.xsd"><responseDate>2026-06-01T01:17:50Z</responseDate><request verb="GetRecord" identifier="oai:docta.ucm.es:20.500.14352/116969" metadataPrefix="marc">https://docta.ucm.es/rest/oai/request</request><GetRecord><record><header><identifier>oai:docta.ucm.es:20.500.14352/116969</identifier><datestamp>2026-05-19T12:04:32Z</datestamp><setSpec>com_20.500.14352_1</setSpec><setSpec>col_20.500.14352_2</setSpec></header><metadata><record xmlns="http://www.loc.gov/MARC21/slim" xmlns:dcterms="http://purl.org/dc/terms/" xmlns:xsi="http://www.w3.org/2001/XMLSchema-instance" xmlns:doc="http://www.lyncode.com/xoai" xsi:schemaLocation="http://www.loc.gov/MARC21/slim http://www.loc.gov/standards/marcxml/schema/MARC21slim.xsd">
   <leader>00925njm 22002777a 4500</leader>
   <datafield ind2=" " ind1=" " tag="042">
      <subfield code="a">dc</subfield>
   </datafield>
   <datafield ind2=" " ind1=" " tag="720">
      <subfield code="a">Gómez Jarillo, Francisco</subfield>
      <subfield code="e">author</subfield>
   </datafield>
   <datafield ind2=" " ind1=" " tag="720">
      <subfield code="a">Blanch González, Elena</subfield>
      <subfield code="e">author</subfield>
   </datafield>
   <datafield ind2=" " ind1=" " tag="720">
      <subfield code="a">Terrón Manrique, Pedro Ángel</subfield>
      <subfield code="e">author</subfield>
   </datafield>
   <datafield ind2=" " ind1=" " tag="720">
      <subfield code="a">De Cambra Antón, Marta</subfield>
      <subfield code="e">author</subfield>
   </datafield>
   <datafield ind2=" " ind1=" " tag="720">
      <subfield code="a">Cerrada Macías, Mónica</subfield>
      <subfield code="e">author</subfield>
   </datafield>
   <datafield ind2=" " ind1=" " tag="720">
      <subfield code="a">Espinel Velasco, José Carlos</subfield>
      <subfield code="e">author</subfield>
   </datafield>
   <datafield ind2=" " ind1=" " tag="260">
      <subfield code="c">2022-06-02</subfield>
   </datafield>
   <datafield ind2=" " ind1=" " tag="520">
      <subfield code="a">Catálogo de las tres exposiciones: Arte sobre papel ¿ Reminiscencia o vigencia?
Siguiendo la estela del congreso Civartes, la Asociación Cultural Acción Social y Arte (AASA) dentro del marco de actividades y acciones que lleva a cabo y en su compromiso para con las artes y las artistas, en un deseo de seguir explorando y contribuyendo al pensamiento crítico personal y social desde las artes y todas sus posibilidades lanza el proyecto expositivo “El arte sobre papel ¿Reminiscencia o vigencia?”, una exposición itinerante por tres espacios expositivos con la finalidad de mostrar diferentes miradas y visiones utilizando el papel como soporte creativo y material de reflexión.

La muestra ha estado en el Centro de Arte Contemporáneo Francisco Fernandez de Torreblascopedro y seguirá su itinerancia en la Escuela de Arte de Toledo. La llamada de artistas ha resultado un éxito rotundo que evidencia la necesidad de artistas e investigadores de este diálogo a través de la práctica artística. Existe casi un centenar de autores y más de 150 obras de artistas de toda España y Latinoamerica. AASA, Asociación Cultural de Acción Social y Arte es una asociación cultural que surge con la intención de abordar prácticas artísticas como acción social. La actividad de la asociación comienza en el 2014. La mayoría de las personas que forman el equipo directivo de AASA son artistas/docentes/investigadoras vinculadas a la Universidad de Jaén que enfocan su trabajo de investigación principalmente en torno a la creación en prácticas artísticas intermedias, la investigación artística y la acción social a través del arte. El fundamento de su trabajo son prácticas artísticas socialmente comprometidas con el entorno. La ecología, el feminismo, la participación, la mediación artística, entre otros han compuesto una forma de hacer generada colectivamente.</subfield>
   </datafield>
   <datafield ind1="8" ind2=" " tag="024">
      <subfield code="a">978-84-15901-38-9</subfield>
   </datafield>
   <datafield ind1="8" ind2=" " tag="024">
      <subfield code="a">https://hdl.handle.net/20.500.14352/116969</subfield>
   </datafield>
   <datafield ind1="8" ind2=" " tag="024">
      <subfield code="a">https://www.lacasaabierta.com/aasa-1</subfield>
   </datafield>
   <datafield ind2="0" ind1="0" tag="245">
      <subfield code="a">Catálogo de las expoxiciones : Arte sobre papel. ¿ Reminiscencia o vigencia?</subfield>
   </datafield>
</record></metadata></record></GetRecord></OAI-PMH>